| 000 | 01249 a2200241 4500 | ||
|---|---|---|---|
| 001 | 25030 | ||
| 005 | 20260407155534.0 | ||
| 008 | 260407a2002 arg spa d | ||
| 003 | AR-UNSa-BCEJYS | ||
| 040 |
_aAR-UNSa-BCEJYS _bspa _cAR-UNSa-BCEJYS |
||
| 080 |
_a336.763.3 _xObligaciones. Bonos |
||
| 245 | 1 | 0 |
_aValuación de bonos _pen el mercado de capitales |
| 020 | _a950-811-088-0 | ||
| 264 | 1 |
_aBuenos Aires : _bEdiciones Nueva Técnica _c2002 |
|
| 300 |
_aviii, 109 p. _c28 cm. |
||
| 505 | _aParte I : Marco y generalidades – Parte II : Valuación de un bono – Parte III : Volatilidad. Bono perpetuo. Duration – Parte IV : Tipos de duration. Convexidad – Parte V : Participaciones de la duration – Parte VI : Conceptos de creadores de mercado instrumentación financiera – Parte VII : Calificadores de riesgo. Mediciones – Parte VIII : Administración de riesgo. Conceptos derivados. Modelo var – Parte IX : Valuación contable de bonos y algunas cuestiones financieras. | ||
| 041 | _aspa | ||
| 942 | _cBK | ||
| 590 | _aniveau_biblio:m niveau_hierar:0 | ||
| 100 | 1 | _aTapia, Gustavo | |
| 700 | 1 | _aAriganello, Claudio | |
| 856 | 4 | 1 |
_uhttps://www.biblioeco.unsa.edu.ar/pmb/images/libros/L87144.jpg _yImagen de portada _qimage/jpeg |
| 999 |
_c1274 _d1274 |
||